Central Library OPAC University of Rajshahi

Commercial food patents, U.S., 1979 / (Record no. 69352)

MARC details
000 -LEADER
fixed length control field 00739nas a2200229 a 4500
001 - CONTROL NUMBER
control field 69352
003 - CONTROL NUMBER IDENTIFIER
rucl marc code BD-RjUL
005 - DATE AND TIME OF LATEST TRANSACTION
control field 20211209081856.0
008 - FIXED-LENGTH DATA ELEMENTS--GENERAL INFORMATION
fixed length control field 750227c1980 ctuar a 0 a0eng
035 ## - SYSTEM CONTROL NUMBER
System control number (BD-RjUL)69563
040 ## - CATALOGING SOURCE
Original cataloging agency DNAL
Language of cataloging eng
Transcribing agency DNAL
Modifying agency MnMULS
-- DLC
-- NSDP
-- DLC
-- NSDP
-- NST
-- OCoLC
-- CNMBL
-- OCLCO
-- OCoLC
-- BD-RjUL
041 ## - LANGUAGE CODE
Language code of text/sound track or separate title eng
082 0# - DEWEY DECIMAL CLASSIFICATION NUMBER
Edition number 23
Classification number 364.0486
Author mark and year NOC 1980
100 1# - MAIN ENTRY--PERSONAL NAME
Personal name North, Hallie B.
9 (RLIN) 205466
245 10 - TITLE STATEMENT
Title Commercial food patents, U.S., 1979 /
Statement of responsibility, etc. Hallie B. North.
260 ## - PUBLICATION, DISTRIBUTION, ETC. (IMPRINT)
Place of publication, distribution, etc. Westport, Conn. :
Name of publisher, distributor, etc. AVI Pub. Co.,
Date of publication, distribution, etc. 1980
300 ## - PHYSICAL DESCRIPTION
Pagination 228 p. :
Illustrations ill. ;
Size 24 cm.
500 ## - GENERAL NOTE
General note Includes index
650 ## - SUBJECT ADDED ENTRY--TOPICAL TERM
Topical term or geographic name as entry element Food industries
General subdivision Equipment and supplies
-- Patents.
9 (RLIN) 207071
942 ## - ADDED ENTRY ELEMENTS (KOHA)
Source of classification or shelving scheme Dewey Decimal Classification
Koha item type Books
Holdings
Lost status Source of classification or shelving scheme Damaged status Not for loan Collection code Permanent Location Current Location Shelving location Date acquired Source of acquisition Cost, normal purchase price Total Checkouts Full call number Date last seen Copy number Koha item type
  Dewey Decimal Classification   Not For Loan Non-fiction Central Library, University of Rajshahi Central Library, University of Rajshahi Reading Room 15/08/1984 Asia Foundation 0.00   364.0486 NOC 1980 11/04/2017 C-1 Books
  Dewey Decimal Classification     Non-fiction Central Library, University of Rajshahi Central Library, University of Rajshahi   15/08/1984 Asia Foundation , U.S.A.     364.0486 NOC 1980 12/11/2019 C-2 Books